000 00697nam a2200229 a 4500
001 65280
003 BD-RjUL
005 20211209081415.0
008 170304s1964 nyuab b 001 0 eng d
035 _a(BD-RjUL)65410
040 _aLC
_beng
_cBD-RjUL
041 _aeng
082 0 0 _a306.44
_223
_bHYL 1964
100 _aHymes, Dell.
_9193229
245 1 0 _aLanguage in culture and society :
_ba reader in linguistics and anthropology /
_cDell Hymes.
260 _aNew York :
_bHarper & Row,
_cc1964.
300 _axxxv, 764 p. :
_bill. ;
_c27 cm.
504 _aIncludes bibliography and Indexes
650 0 _aLanguage and languages.
_9181890
650 0 _aAnthropology
_9170297
942 _2ddc
_cBK
999 _c65280
_d65280